=LDR 00000nam 2200000 4500 =001 INLIS000000000025437 =005 20170324104232.0 =006 =007 =008 Ind =035 ##$$0010-061300000025437 =041 ##$$a Ind =082 ##$$a 028.5 =090 ##$$a 028.5, Utr n =100 ##$$a Utami, Deniza saqina =245 ##$$a Seri binatang yang di sebut dalam alquran, Nyamuk, Deniza Saqina Utami =260 ##$$a 2005 $b Bandung =300 ##$$a 30 hlm, ilusc28 cm =650 ##$$a Nyamuk =850 ##$$a NBPNMAT